[Event "2nd Dute Cup Longgang Masters"]
[Site "Longgang"]
[Date "2018.11.13"]
[Round "9"]
[White "Vachier-Lagrave, Maxime"]
[Black "Giri, Anish"]
[Result "1/2-1/2"]
[WhiteElo "2778"]
[BlackElo "2780"]
[Annotator "TA"]
[PlyCount "119"]
[EventDate "2018.11.04"]
[EventType "swiss"]
[EventCountry "CHN"]
[SourceTitle "playchess.com"]
[Source "ChessBase"]
[SourceQuality "1"]

{[%evp 19,119,-10,-6,-16,-10,-13,-14,-16,-14,-31,-27,-18,-22,-18,-5,-1,-11,-5,6,0,0,-14,-4,-21,-21,-29,-16,-44,-43,-42,-41,-65,-60,-62,-44,-41,-35,-80,-78,-80,-80,-85,-85,-85,-85,-85,-65,-80,-80,-80,-75,-80,-80,-72,-50,-50,-48,-64,-20,-20,-20,-64,-64,-64,-64,-64,-64,-64,-64,-64,-64,-64,-64,-64,-53,-53,-53,-53,-53,-53,-53,-53,-53,-53,-53,-53,0,-53,-27,-27,-12,-14,-14,-14,-14,-14,-14,-14,0,0,0,-14]} 1. d4 Nf6 2. Bf4 d5 3. e3 e6 4. Nd2 Bd6 5. Bg3 O-O 6. Ngf3 b6 7. Ne5 {D02: 1 d4 d5 2 Nf3 sidelines, including 2...Nf6 3 g3 and 2...Nf6 3 Bf4} (7. c3 Ba6 8. Bxa6 Nxa6 9. Ne5 Nb8 10. f4 c5 11. Bh4 Be7 12. O-O Nfd7 13. Bxe7 Qxe7 14. Rf3 Nxe5 15. fxe5 {1-0 (29) Aronian,L (2767)-Giri,A (2782) chess.com INT 2018}) 7... c5 8. c3 Qc7 9. Bd3 Ba6 10. Bxa6 Nxa6 {LiveBook: 4 Games} 11. Rc1 $146 ({Predecessor:} 11. O-O Nb8 12. c4 cxd4 13. exd4 Nbd7 14. Rc1 {½-½ (52) Moroni,L (2476)-Praggnanandhaa,R (2487) Barcelona 2017}) 11... Rac8 12. O-O Nb8 13. c4 cxd4 14. exd4 Qb7 15. Qf3 Nc6 16. Nxc6 Bxg3 17. Ne5 Bxe5 18. dxe5 Ne4 19. Nxe4 dxe4 20. Qe3 Qa6 $36 {[%mdl 2048] Black has good play.} 21. Qxe4 Qxa2 22. Qc2 Qa5 23. Ra1 Qxe5 24. Rxa7 Qc5 25. Rc1 b5 26. Ra3 bxc4 27. Rc3 Qd4 28. Qe2 {[%cal Rc3c4]} Rb8 29. g3 g6 30. Qxc4 Qxc4 31. Rxc4 Rxb2 $17 {[%mdl 4096] Endgame KRR-KRR} 32. h4 Rbb8 33. Rc7 h5 34. Kg2 Kg7 35. R1c3 Ra8 36. R3c4 e5 37. Rc3 Rae8 38. Kf3 Kf6 39. Ke4 Re6 40. R7c6 Rfe8 41. Rxe6+ Rxe6 $15 {KR-KR} 42. f4 exf4+ 43. Kxf4 Ra6 44. Kf3 Ra5 45. Rb3 Kf5 46. Rc3 f6 47. Rb3 Rc5 48. Ra3 Ke5 49. Rd3 Rc4 50. Ra3 Rd4 51. Ra5+ Rd5 52. Ra3 Rc5 53. Rd3 $1 g5 54. Re3+ Kd5 55. hxg5 {The position is equal.} fxg5 56. Re8 Rc3+ 57. Kf2 Rc2+ 58. Kf3 Kd4 59. Re4+ Kd5 {[#] Hoping for ...g4+.} 60. Re8 {Precision: White = 63%, Black = 60%.} 1/2-1/2

[Event "2nd Dute Cup Longgang Masters"]
[Site "Longgang"]
[Date "2018.11.13"]
[Round "9"]
[White "Wojtaszek, Radoslaw"]
[Black "Ding, Liren"]
[Result "1/2-1/2"]
[WhiteElo "2749"]
[BlackElo "2816"]
[Annotator "TA"]
[PlyCount "60"]
[EventDate "2018.11.04"]
[EventType "swiss"]
[EventCountry "CHN"]
[SourceTitle "playchess.com"]
[Source "ChessBase"]
[SourceQuality "1"]

{[%evp 26,60,0,0,0,6,8,8,8,9,0,2,15,6,22,10,14,11,5,-8,0,-6,-6,-6,-4,-4,0,0,0,0,1,0,0,0,0,0,0]} 1. d4 Nf6 2. c4 e6 3. Nf3 d5 4. g3 Bb4+ 5. Bd2 Be7 6. Bg2 O-O 7. O-O c6 8. Bf4 Nbd7 9. Qc2 b6 10. cxd5 cxd5 11. Rc1 {E08: Closed Catalan: Main Line: 7 Qc2} Bb7 12. Qb3 (12. Nc3 Rc8 13. Ne5 Nxe5 14. Bxe5 Ne4 15. Qd3 f6 16. Bf4 g5 17. Nxe4 gxf4 18. Nc3 Bd6 {½-½ (49) Duda,J (2724)-Ding,L (2778) Liaocheng 2018}) 12... Rc8 13. Rxc8 Qxc8 14. Nc3 {LiveBook: 8 Games. The position is equal.} a6 15. Rc1 Qa8 16. Na4 b5 17. Nc5 {[#]} Nxc5 $146 ({Predecessor:} 17... Rc8 18. Nxb7 Rxc1+ 19. Bxc1 Qxb7 {½-½ (39) Lysyj,I (2643)-Xu,Y (2540) Moscow 2017}) 18. dxc5 d4 19. a4 Bd5 20. Qd3 bxa4 21. Qxd4 Rc8 22. Qxa4 Rxc5 23. Ne1 Rxc1 24. Bxc1 Bxg2 25. Nxg2 Nd5 26. Nf4 Nxf4 27. Bxf4 Bf8 28. Be3 Qc8 29. h4 h5 30. b3 g6 {Precision: White = 57%, Black = 82%.} 1/2-1/2

[Event "2nd Dute Cup Longgang Masters"]
[Site "Longgang"]
[Date "2018.11.13"]
[Round "9"]
[White "Vitiugov, Nikita"]
[Black "Yu, Yangyi"]
[Result "1/2-1/2"]
[WhiteElo "2709"]
[BlackElo "2764"]
[Annotator "TA"]
[PlyCount "72"]
[EventDate "2018.11.04"]
[EventType "swiss"]
[EventCountry "CHN"]
[SourceTitle "playchess.com"]
[Source "ChessBase"]
[SourceQuality "1"]

{[%evp 14,72,28,17,32,29,27,29,44,21,21,14,24,20,27,29,23,27,31,17,16,24,20,15,72,44,25,29,25,45,66,70,66,64,65,67,66,62,52,55,85,89,93,111,95,90,78,75,108,56,56,56,81,81,61,63,63,0,75,0,63]} 1. d4 {Krasenkow,M} Nf6 2. c4 e6 3. Nf3 d5 4. Nc3 Be7 5. Bf4 O-O 6. a3 {D37: Queen's Gambit Declined: 5 Bf4} (6. e3 b6 7. Bd3 dxc4 8. Bxc4 Ba6 9. Qe2 Bxc4 10. Qxc4 c5 11. dxc5 bxc5 12. O-O Nc6 13. Rac1 Rc8 14. Ne5 Qb6 15. Nxc6 Rxc6 {1-0 (97) Carlsen,M (2842)-Nakamura,H (2777) Saint Louis 2018}) 6... Nbd7 7. Nb5 Ne8 8. e3 {LiveBook: 44 Games. White has an edge.} Ndf6 9. Rc1 c6 $146 ({Predecessor:} 9... Nh5 10. Bg3 g6 11. Be2 dxc4 12. Bxc4 Nd6 13. Qe2 Bd7 {1-0 (33) Fressinet,L (2670)-Aleksandrov,A (2601) Rijeka 2010 CBM 136 [Krasenkow,M]}) 10. Nc3 b6 {[%cal Bb7b6,Bb6b5][%mdl 32]} 11. Qa4 Bb7 12. cxd5 exd5 13. Ne5 b5 14. Qc2 Nc7 15. Bd3 Ne6 $1 16. Bg3 c5 17. dxc5 Bxc5 18. Nxb5 d4 (18... Rc8 $11 {keeps the balance.} 19. Qb1 a6) 19. exd4 (19. b4 $5 {[%cal Rb4c5]} Bb6 20. O-O $14) 19... Nxd4 20. Nxd4 Bxd4 21. O-O $1 Re8 22. Nf3 {Hoping for Bc7.} Rc8 23. Bc7 $36 {[%mdl 2048] White has the initiative.} Qd5 24. Rfd1 {Bf5 is the strong threat.} Bb6 $1 {[#]} 25. Bxh7+ $1 {[%mdl 512]} Nxh7 26. Rxd5 Bxd5 27. Qd2 Rxc7 28. Rxc7 Bxf3 29. Rc1 Bg4 30. h3 Be6 31. Rc6 (31. a4 $16) 31... Nf6 $14 32. Qb4 Nd5 33. Qd6 Bd4 34. Rc2 {Strongly threatening Rd2.} Bb6 35. Rc6 Bd4 36. Rc2 {And now Rd2 would win.} Bb6 $1 {Precision: White = 62%, Black = 64%.} 1/2-1/2

[Event "2nd Dute Cup Longgang Masters"]
[Site "Longgang"]
[Date "2018.11.14"]
[Round "10"]
[White "Ding, Liren"]
[Black "Vitiugov, Nikita"]
[Result "1/2-1/2"]
[WhiteElo "2816"]
[BlackElo "2709"]
[Annotator "TA"]
[PlyCount "84"]
[EventDate "2018.11.04"]
[EventType "swiss"]
[EventCountry "CHN"]
[SourceTitle "playchess.com"]
[Source "ChessBase"]
[SourceQuality "1"]

{[%evp 18,84,20,12,16,21,10,17,32,16,26,15,16,0,0,0,0,0,0,0,0,0,0,0,0,0,0,0,0,0,0,0,0,0,0,0,0,0,0,0,0,0,0,0,0,0,0,0,0,0,0,0,0,0,0,0,0,0,0,0,0,0,0,0,0,0,0,0,0]} 1. c4 c6 2. Nf3 d5 3. d4 Nf6 4. e3 Bf5 5. Nc3 a6 6. Bd3 {D15: Slav Defence: 4 Nc3 a6 and gambit lines after 4 Nc3 dxc4} (6. Qb3 b5 7. c5 a5 8. Nh4 Bc8 9. f4 g6 10. Bd3 Nh5 11. Nf3 Bf5 12. e4 a4 13. Qc2 dxe4 14. Bxe4 Bxe4 15. Nxe4 {0-1 (53) Gelfand,B (2703)-Grandelius,N (2655) Batumi 2018}) 6... Bxd3 7. Qxd3 e6 8. O-O Bb4 9. a3 Bxc3 10. bxc3 {LiveBook: 5 Games} b5 $146 ({Predecessor:} 10... O-O 11. cxd5 cxd5 12. c4 dxc4 13. Qxc4 Qd5 14. Qxd5 Nxd5 {1-0 (60) Moskalenko,V (2580)-Rausis,I (2470) Cala Millor 2010}) 11. cxb5 axb5 12. a4 Ne4 13. Ba3 Rxa4 14. Bb4 Ra6 {The position is equal.} 15. Ne5 f6 $1 {[%cal Rf6e5]} ({Reject} 15... Rxa1 $6 16. Rxa1 Qc7 17. Qe2 $18 (17. Ra8 Qb7 $11)) 16. Rxa6 Nxa6 17. Nxc6 Qb6 18. Na5 Kf7 19. f3 Nxb4 20. cxb4 Nd6 21. Nb3 Qc6 22. Nc5 h6 23. e4 Nc4 24. e5 fxe5 25. dxe5 Nxe5 26. Qd4 Ng6 $1 27. f4 Re8 28. f5 exf5 29. Rxf5+ Kg8 30. Qxd5+ Qxd5 31. Rxd5 $11 {[%mdl 4096] Endgame KRN-KRN} Nf4 32. Rf5 Ne2+ 33. Kf2 Nd4 34. Rf4 Rf8 35. Rxf8+ Kxf8 {KN-KN} 36. Nd3 Ke7 37. Ke3 Nc6 38. Ke4 Ke6 39. h4 Kd6 40. g4 Ke6 41. Nf4+ Kf7 42. Nd3 {[#] Threatens to win with Ne5+.} Ke6 {Precision: White = 89%, Black = 90%.} 1/2-1/2

[Event "2nd Dute Cup Longgang Masters"]
[Site "Longgang"]
[Date "2018.11.14"]
[Round "10"]
[White "Giri, Anish"]
[Black "Wojtaszek, Radoslaw"]
[Result "1-0"]
[WhiteElo "2780"]
[BlackElo "2749"]
[Annotator "TA"]
[PlyCount "71"]
[EventDate "2018.11.04"]
[EventType "swiss"]
[EventCountry "CHN"]
[SourceTitle "playchess.com"]
[Source "ChessBase"]
[SourceQuality "1"]

{[%evp 27,71,19,35,12,11,6,12,13,21,4,4,7,24,21,24,15,16,18,18,9,25,20,32,9,57,60,53,40,62,56,85,35,41,41,74,66,121,104,121,110,121,110,103,102,226,226]} 1. Nf3 d5 2. g3 Nf6 3. Bg2 c5 4. O-O Nc6 5. d4 e6 6. c4 dxc4 7. dxc5 Qxd1 8. Rxd1 Bxc5 9. Nbd2 c3 10. bxc3 O-O 11. Nb3 Be7 12. c4 Bd7 13. Bb2 {E04: Open Catalan: 5 Nf3} Rfd8 14. Nfd4 Rab8 {LiveBook: 3 Games} (14... Rac8 15. Nb5 b6 16. Rac1 a5 17. a4 Be8 18. Rxd8 Rxd8 {½-½ (31) Aronian,L (2801)-Giri,A (2762) Heraklio 2017}) 15. Nxc6 {White is slightly better.} Bxc6 16. Rxd8+ Rxd8 17. Bxc6 bxc6 {[#]} 18. Bxf6 $146 ({Predecessor:} 18. Bd4 Rd7 19. e3 Ne4 {½-½ (34) Xiu,D (2532)-Kraus,T (2424) Prague 2017}) 18... Bxf6 $14 {[%mdl 4096] Endgame KRB-KRN} 19. Rc1 g5 20. c5 Kf8 21. Rc4 Ke8 22. Kg2 h5 23. h3 Be5 24. Ra4 Rd7 25. Na5 Rc7 26. Nc4 Bg7 27. Rb4 Ke7 28. e3 g4 29. hxg4 hxg4 30. a4 a5 31. Rb3 Ra7 ({Better is} 31... Kd7 $1 $14) 32. Rb6 Kd7 33. Rb8 Ke7 34. Rc8 Bc3 35. Rxc6 Bb4 {[#]} (35... Kd7 $16 36. Rd6+ Ke7) 36. Rc8 $1 {Precision: White = 68%, Black = 30%.} 1-0

[Event "2nd Dute Cup Longgang Masters"]
[Site "Longgang"]
[Date "2018.11.14"]
[Round "10"]
[White "Yu, Yangyi"]
[Black "Vachier-Lagrave, Maxime"]
[Result "1/2-1/2"]
[WhiteElo "2764"]
[BlackElo "2778"]
[Annotator "TA"]
[PlyCount "115"]
[EventDate "2018.11.04"]
[EventType "swiss"]
[EventCountry "CHN"]
[SourceTitle "playchess.com"]
[Source "ChessBase"]
[SourceQuality "1"]

{[%evp 19,115,0,1,0,0,5,25,14,8,0,8,0,20,16,14,7,11,11,15,16,16,4,16,15,66,8,20,30,66,89,87,51,47,80,116,0,0,0,60,53,103,13,13,8,8,5,8,7,6,0,0,0,8,8,8,8,8,8,8,8,8,8,8,8,8,8,8,8,8,8,58,8,8,8,8,8,8,8,8,8,8,8,8,8,8,8,8,8,8,0,8,8,8,0,8,0,8,0]} 1. e4 c5 2. Nc3 d6 3. Nge2 Nf6 4. g3 g6 5. Bg2 Bg7 6. O-O O-O 7. d3 Nc6 8. Bg5 Rb8 {B25: Closed Sicilian: 3 g3, lines without early Be3} 9. Qd2 (9. Nd5 Re8 10. a4 e6 11. Nxf6+ Bxf6 12. Bxf6 Qxf6 13. c3 d5 14. f4 dxe4 15. dxe4 e5 16. f5 {0-1 (41) Aronian,L (2764)-Vachier Lagrave,M (2789) Leuven 2018}) 9... b5 {[%cal Bb7b5,Bb5b4][%mdl 32]} 10. Bh6 b4 {LiveBook: 4 Games} 11. Nd1 Bxh6 $146 ({Predecessor:} 11... Nd4 12. Bxg7 Kxg7 13. Ne3 Ng4 14. Nxd4 cxd4 15. Nd5 e6 16. Nxb4 {½-½ (41) Nisipeanu,L (2661)-Wynn,Z (2473) Batumi 2018}) 12. Qxh6 e6 13. a3 d5 14. exd5 exd5 15. axb4 Rxb4 (15... Nxb4 {looks sharper.} 16. Qd2 d4 17. Nf4 Re8 18. b3 g5) 16. Qd2 Bg4 17. c3 Rb6 18. Ne3 Bxe2 19. Qxe2 Qd6 20. Ra2 Rfb8 21. f4 h5 (21... a6 $11) 22. Qd2 (22. f5 $14) 22... a6 $11 23. f5 Ne7 24. fxg6 fxg6 25. Qc1 Qe6 26. Re1 {[#] Hoping for Nxd5.} Qf7 27. b4 (27. Ra5 $16) 27... cxb4 28. cxb4 Rxb4 (28... Nc6 $11) 29. Rxa6 $14 d4 {[#] Strongly threatening ...Rb1.} 30. Nc4 ({Better is} 30. Bh3 $16 Kh7 31. Nc2) 30... Ng4 $11 31. Qd2 Rb1 32. Ra1 Rxa1 33. Rxa1 Nf5 34. Qg5 {Threatens to win with h3.} Rf8 35. Rf1 Qf6 36. Qxf6 Rxf6 37. Be4 Kg7 38. Bxf5 Rxf5 39. Rxf5 gxf5 {[%mdl 4096] Endgame KN-KN} 40. Kg2 Kf6 41. h3 Nh6 $1 42. Na5 Nf7 43. Nc6 Kg6 $1 44. Ne7+ Kh7 45. Nd5 Ne5 {The position is equal.} 46. Nf4 h4 $1 47. gxh4 Kg7 48. Kf1 Kh6 49. Ke2 Nc6 50. Kd2 Ne5 51. Kd1 Nf3 52. Ke2 Ne5 53. Kf2 Kh7 54. Kf1 Kh6 55. Ke1 Nf3+ 56. Ke2 Ne5 57. Kd1 Nf3 58. Ke2 {Precision: White = 50%, Black = 68%.} 1/2-1/2